| 000 | 00624cam a2200217 4500 | ||
|---|---|---|---|
| 008 | 090401t1988 xxu||||| |||| 00| 0 eng d | ||
| 020 | _a0713451785 | ||
| 035 | _a(Sirsi) u31887 | ||
| 041 | _aeng | ||
| 050 | _a690 | ||
| 100 | _aChandler, Ian | ||
| 245 | _aBuilding technology 1: site organisation and method | ||
| 260 |
_aLondon _bMitchell _c1988 |
||
| 300 | _a175p. : ill. ; 22cm. | ||
| 350 | _a9.95 | ||
| 490 | _aConstruction Technology and Management | ||
| 520 | _aPublished in association with the Chartered Institute of Building . | ||
| 650 |
_aBlock management _96220 |
||
| 942 | _n0 | ||
| 948 | _c04/03/1997 | ||
| 999 |
_c89641 _d89641 |
||